[Event "Seefeld-Casino op 19th"]
[Site "Seefeld/Tirol (5.9.-13.9)"]
[Date "2008.09.09"]
[Round "5.14"]
[White "Werner, Bernd(56)"]
[Black "Fahnenschmidt, Gerhard Dr"]
[Result "0-1"]
[WhiteElo "1721"]
[BlackElo "1883"]
[PlyCount "100"]
[EventDate "2008.09.??"]
[EventType "swiss"]
[EventRounds "9"]
[Source "Ganslmayer"]
[SourceDate "2010.03.14"]
[WhiteTeamCountry "AUT"]
[BlackTeamCountry "ITA"]

1. e4 c5 2. Nf3 d6 3. d4 cxd4 4. c3 Nf6 5. cxd4 Nxe4 6. Nc3 Qa5 7. Bd2 Nxd2 8.
Qxd2 Bg4 9. Be2 Nc6 10. h3 Bxf3 11. Bxf3 g6 12. O-O Bg7 13. Bxc6+ bxc6 14. Rfe1
Qb4 15. Rad1 Rb8 16. b3 Rb7 17. Ne4 O-O 18. Ng3 a5 19. Re4 Qxd2 20. Rxd2 Bf6
21. d5 c5 22. Ra4 Rb5 23. Ne4 Be5 24. Rc4 Rb4 25. Kf1 f5 26. Ng3 Rxc4 27. bxc4
Rb8 28. Ke2 a4 29. Nf1 Rb2 30. Rxb2 Bxb2 31. Kd2 Kf7 32. Kc2 Bd4 33. f3 e6 34.
Ng3 exd5 35. cxd5 Kf6 36. Ne2 Ke5 37. Kd3 Kxd5 38. Nf4+ Ke5 39. Ne2 Ba1 40. Kc4
f4 41. Kb5 a3 42. Kc4 Bb2 43. Kb5 g5 44. Kc4 Bd4 45. Kb3 d5 46. Kxa3 c4 47. Kb4
Bf2 48. a4 Be1+ 49. Ka3 d4 50. Kb2 d3 0-1

[Event "Seefeld-Casino op 19th"]
[Site "Seefeld/Tirol (5.9.-13.9)"]
[Date "2008.09.09"]
[Round "5.15"]
[White "Schnegg, Daniel"]
[Black "Nachtkamp, Herbert"]
[Result "1/2-1/2"]
[WhiteElo "1985"]
[BlackElo "1970"]
[PlyCount "87"]
[EventDate "2008.09.??"]
[EventType "swiss"]
[EventRounds "9"]
[Source "Ganslmayer"]
[SourceDate "2010.03.14"]
[WhiteTeamCountry "AUT"]
[BlackTeamCountry "ITA"]

1. e4 d5 2. exd5 Nf6 3. d4 Nxd5 4. Nf3 Bg4 5. c4 Nb6 6. c5 N6d7 7. Bc4 e6 8.
O-O Be7 9. h3 Bxf3 10. Qxf3 Nc6 11. Rd1 O-O 12. Bb5 Nb4 13. Qb3 Nd5 14. Nc3
N7f6 15. Bc4 Nxc3 16. bxc3 Qc8 17. Bg5 c6 18. Rab1 Rd8 19. Qxb7 Qxb7 20. Rxb7
Bxc5 21. f4 Bb6 22. f5 Re8 23. Bxf6 gxf6 24. fxe6 fxe6 25. Re1 Kh8 26. Bxe6
Rad8 27. Re4 Rd6 28. Bf5 Rxe4 29. Rxh7+ Kg8 30. Bxe4 c5 31. dxc5 Bxc5+ 32. Kh2
Rd2 33. Rh4 Kf8 34. Rh8+ Ke7 35. h4 Bd6+ 36. Kh3 Rxa2 37. Rh7+ Ke6 38. Bf3 a5
39. c4 Kf5 40. Rd7 Be5 41. Rd1 Rc2 42. Rf1 Rc3 43. g3 Kg6 44. Be4+ 1/2-1/2

[Event "Seefeld-Casino op 19th"]
[Site "Seefeld/Tirol (5.9.-13.9)"]
[Date "2008.09.09"]
[Round "5.16"]
[White "Fischer, Gerd(59)"]
[Black "Ballon, Guenther Jan"]
[Result "0-1"]
[WhiteElo "1846"]
[BlackElo "1999"]
[PlyCount "76"]
[EventDate "2008.09.??"]
[EventType "swiss"]
[EventRounds "9"]
[Source "Ganslmayer"]
[SourceDate "2010.03.14"]
[WhiteTeamCountry "AUT"]
[BlackTeamCountry "ITA"]

1. d4 d5 2. Nf3 e6 3. Bf4 c5 4. c3 Nc6 5. Nbd2 Nf6 6. e3 Bd6 7. Ne5 O-O 8. Bd3
Ne7 9. O-O Ng6 10. Nxg6 hxg6 11. Bxd6 Qxd6 12. dxc5 Qxc5 13. e4 Qc7 14. Re1
dxe4 15. Nxe4 Nxe4 16. Bxe4 Bd7 17. Qe2 Rfd8 18. Rad1 Ba4 19. Bc2 Bc6 20. Be4
Qe5 21. Bf3 Qxe2 22. Bxe2 Bd5 23. c4 Be4 24. Rxd8+ Rxd8 25. Rd1 Rxd1+ 26. Bxd1
b6 27. Kf1 Kf8 28. b4 Ke7 29. f3 Bb1 30. a3 g5 31. Kf2 Kd6 32. Ke3 f6 33. Be2
Bg6 34. g4 Ke5 35. Bd3 f5 36. gxf5 exf5 37. f4+ gxf4+ 38. Kf3 Bh5+ 0-1

[Event "Seefeld-Casino op 19th"]
[Site "Seefeld/Tirol (5.9.-13.9)"]
[Date "2008.09.09"]
[Round "5.17"]
[White "Knechtel, Roland"]
[Black "Lundberg, Roland"]
[Result "1-0"]
[WhiteElo "2169"]
[BlackElo "2045"]
[PlyCount "71"]
[EventDate "2008.09.??"]
[EventType "swiss"]
[EventRounds "9"]
[Source "Ganslmayer"]
[SourceDate "2010.03.14"]
[WhiteTeamCountry "AUT"]
[BlackTeamCountry "ITA"]

1. g3 d5 2. Bg2 Nf6 3. d3 e5 4. Nc3 Be6 5. e4 Bb4 6. exd5 Bxd5 7. Bxd5 Qxd5 8.
f3 Bxc3+ 9. bxc3 O-O 10. Nh3 h6 11. Nf2 c5 12. c4 Qd7 13. O-O Nc6 14. Rb1 b6
15. c3 Rad8 16. Rb2 Nh7 17. Re2 f5 18. Rfe1 Nf6 19. Kg2 g5 20. Qc2 Rf7 21. h3
Nh5 22. g4 Ng7 23. Rh1 Qe6 24. h4 fxg4 25. Nxg4 h5 26. Nf2 Qf6 27. Bxg5 Qxf3+
28. Kg1 Qg3+ 29. Kf1 Qxd3 30. Bxd8 Qxd8 31. Ke1 Na5 32. Qe4 Rf4 33. Qxe5 Rxc4
34. Rg1 Qf8 35. Rd2 Qf7 36. Ne4 1-0

[Event "Seefeld-Casino op 19th"]
[Site "Seefeld/Tirol (5.9.-13.9)"]
[Date "2008.09.09"]
[Round "5.18"]
[White "Pregl, Walter"]
[Black "Grosse, Manfred"]
[Result "1-0"]
[WhiteElo "2257"]
[BlackElo "1837"]
[PlyCount "95"]
[EventDate "2008.09.??"]
[EventType "swiss"]
[EventRounds "9"]
[Source "Ganslmayer"]
[SourceDate "2010.03.14"]
[WhiteTeamCountry "AUT"]
[BlackTeamCountry "ITA"]

1. e4 e5 2. Nf3 Nf6 3. Nxe5 d6 4. Nf3 Nxe4 5. d4 d5 6. Bd3 Bd6 7. O-O Bg4 8.
Re1 f5 9. c4 O-O 10. Nc3 Bxh2+ 11. Kf1 Nc6 12. cxd5 Nxc3 13. bxc3 Qxd5 14. Qe2
Na5 15. c4 Qf7 16. Qe6 Bxf3 17. gxf3 Nc6 18. Qxf7+ Kxf7 19. f4 g5 20. d5 Ne7
21. Ba3 Rfe8 22. fxg5 Ng6 23. Bxf5 Bf4 24. Be6+ Kg7 25. Bb2+ Kf8 26. Bf6 Bd2
27. Re2 Bb4 28. Rb1 Bd6 29. Re4 b6 30. Ke2 Nf4+ 31. Kf3 Nxe6 32. dxe6 Be7 33.
Kg4 Rad8 34. Rb2 Rd1 35. Kf5 Rg1 36. Rh4 Kg8 37. Rd2 Bd6 38. Re4 a6 39. Rde2 a5
40. Rg4 Rh1 41. g6 h6 42. e7 Bc5 43. Rh4 Rxh4 44. Bxh4 c6 45. Bf6 b5 46. cxb5
cxb5 47. Ke6 Ra8 48. Kd5 1-0

[Event "Seefeld-Casino op 19th"]
[Site "Seefeld/Tirol (5.9.-13.9)"]
[Date "2008.09.09"]
[Round "5.19"]
[White "Neubauer, Kai(65)"]
[Black "Platzgummer, Peter"]
[Result "0-1"]
[WhiteElo "1981"]
[BlackElo "1960"]
[PlyCount "74"]
[EventDate "2008.09.??"]
[EventType "swiss"]
[EventRounds "9"]
[Source "Ganslmayer"]
[SourceDate "2010.03.14"]
[WhiteTeamCountry "AUT"]
[BlackTeamCountry "ITA"]

1. d4 Nf6 2. c4 e6 3. Nc3 Bb4 4. e3 O-O 5. Bd3 c5 6. Nf3 d5 7. O-O dxc4 8. Bxc4
cxd4 9. exd4 Nbd7 10. Bg5 Be7 11. Re1 Nb6 12. Bb3 Bd7 13. Qe2 Bc6 14. Bxe6 Bxf3
15. gxf3 fxe6 16. Qxe6+ Rf7 17. Re5 h6 18. Bh4 Qc8 19. Rae1 Qxe6 20. Rxe6 Kf8
21. R1e5 g5 22. Bg3 Nfd7 23. Rb5 Rf6 24. d5 Kf7 25. Re3 Re8 26. Ne4 Rg6 27. d6
Bf8 28. a4 a5 29. Rxa5 Nc4 30. Rf5+ Kg7 31. Rc3 Nxd6 32. Rd5 Nb6 33. Rc7+ Nf7
34. Rf5 Re7 35. Rcc5 Rge6 36. Rb5 Kg6 37. Rxb6 Kxf5 0-1

[Event "Seefeld-Casino op 19th"]
[Site "Seefeld/Tirol (5.9.-13.9)"]
[Date "2008.09.09"]
[Round "5.20"]
[White "Schmidt, Wolfgang(50)"]
[Black "Gerhards, Walter"]
[Result "1-0"]
[WhiteElo "2023"]
[BlackElo "1849"]
[PlyCount "83"]
[EventDate "2008.09.??"]
[EventType "swiss"]
[EventRounds "9"]
[Source "Ganslmayer"]
[SourceDate "2010.03.14"]
[WhiteTeamCountry "AUT"]
[BlackTeamCountry "ITA"]

1. e4 e6 2. d4 d5 3. Nd2 Nf6 4. e5 Nfd7 5. Bd3 c5 6. c3 Nc6 7. Ne2 Be7 8. Nf3
a6 9. Bd2 b5 10. Nf4 Rb8 11. Nh5 Kf8 12. Qc1 h6 13. h4 Bb7 14. g4 cxd4 15. cxd4
Rc8 16. Qd1 Qb6 17. Be3 Na5 18. Ke2 Nc4 19. Bc1 g6 20. Nf4 Kg7 21. h5 g5 22.
Nh3 f6 23. exf6+ Nxf6 24. Nhxg5 hxg5 25. Bxg5 Qd6 26. h6+ Kf7 27. b3 Nb2 28.
Ne5+ Kg8 29. Qb1 Nxd3 30. Qxd3 Ne4 31. h7+ Rxh7 32. Rxh7 Kxh7 33. Qh3+ Kg8 34.
Qh5 Rc2+ 35. Kd1 Nxg5 36. Kxc2 Qc7+ 37. Kd3 b4 38. Qg6+ Kf8 39. Rh1 Qc3+ 40.
Ke2 Qb2+ 41. Kf1 Bd8 42. Rh8+ 1-0

[Event "Seefeld-Casino op 19th"]
[Site "Seefeld/Tirol (5.9.-13.9)"]
[Date "2008.09.09"]
[Round "5.21"]
[White "Mertens, Klaus"]
[Black "Wiesbeck, Florian"]
[Result "1-0"]
[WhiteElo "2001"]
[BlackElo "1887"]
[PlyCount "75"]
[EventDate "2008.09.??"]
[EventType "swiss"]
[EventRounds "9"]
[Source "Ganslmayer"]
[SourceDate "2010.03.14"]
[WhiteTeam "Mainz-Mombach SV"]
[BlackTeam "AUT/Moosburg SV"]
[BlackTeamCountry "AUT"]

1. Nf3 d5 2. g3 c6 3. Bg2 Bg4 4. h3 Bh5 5. O-O Nd7 6. d4 e6 7. b3 Ngf6 8. Bb2
Bd6 9. c4 Qb8 10. Ba3 Bxa3 11. Nxa3 h6 12. Nc2 O-O 13. Nb4 Bg6 14. Nd3 Be4 15.
Rc1 Re8 16. Qd2 a5 17. a3 Qc7 18. c5 Nh7 19. Nfe5 Bxg2 20. Kxg2 Nhf6 21. f3 Nh5
22. f4 Nhf6 23. Nf2 Rad8 24. Qd3 Nf8 25. b4 axb4 26. axb4 Ra8 27. Ra1 N8d7 28.
Ra3 Rxa3 29. Qxa3 b5 30. Ra1 Nxe5 31. fxe5 Nd7 32. Qa7 Qc8 33. Ra6 Kf8 34. Nd3
Nb8 35. Rb6 Rd8 36. Rb7 Nd7 37. Rc7 Qb8 38. Rxd7 1-0

[Event "Seefeld-Casino op 19th"]
[Site "Seefeld/Tirol (5.9.-13.9)"]
[Date "2008.09.09"]
[Round "5.22"]
[White "Klein, Gereon"]
[Black "Schumacher, Helmut(31)"]
[Result "1/2-1/2"]
[WhiteElo "1846"]
[BlackElo "1972"]
[PlyCount "58"]
[EventDate "2008.09.??"]
[EventType "swiss"]
[EventRounds "9"]
[Source "Ganslmayer"]
[SourceDate "2010.03.14"]
[BlackTeamCountry "AUT"]

1. Nf3 d5 2. d4 c6 3. c4 e6 4. Nc3 Nf6 5. cxd5 exd5 6. Bg5 Be7 7. Qc2 Nbd7 8.
e3 Nh5 9. Bxe7 Qxe7 10. Be2 g6 11. O-O Ndf6 12. Rab1 Bf5 13. Bd3 Bxd3 14. Qxd3
Ne4 15. b4 O-O 16. b5 Nxc3 17. Qxc3 cxb5 18. Rxb5 Nf6 19. Qb2 b6 20. Rc1 Rfc8
21. h3 Qd7 22. Rxc8+ Rxc8 23. Ne5 Qc7 24. a4 Qc1+ 25. Qxc1 Rxc1+ 26. Kh2 Ra1
27. Rb4 Ra2 28. f3 Ra3 29. Nc6 Rxe3 1/2-1/2

[Event "Seefeld-Casino op 19th"]
[Site "Seefeld/Tirol (5.9.-13.9)"]
[Date "2008.09.09"]
[Round "5.23"]
[White "Buchaeckert, Juergen"]
[Black "Schulze, Joachim"]
[Result "1/2-1/2"]
[WhiteElo "1873"]
[BlackElo "1981"]
[PlyCount "25"]
[EventDate "2008.09.??"]
[EventType "swiss"]
[EventRounds "9"]
[Source "Ganslmayer"]
[SourceDate "2010.03.14"]
[WhiteTeam "Ludwigshafen-1912 SK"]
[BlackTeam "Hamburg SF"]

1. e4 c6 2. Nc3 d5 3. Nf3 dxe4 4. Nxe4 Bf5 5. Ng3 Bg6 6. h4 h6 7. Ne5 Qd6 8.
Nxg6 Qxg6 9. d4 Nd7 10. Bd3 Qd6 11. c3 Ngf6 12. Qe2 e6 13. Be3 1/2-1/2

[Event "Seefeld-Casino op 19th"]
[Site "Seefeld/Tirol (5.9.-13.9)"]
[Date "2008.09.09"]
[Round "5.24"]
[White "Russ, Colin A.H."]
[Black "Moroder, Stefan"]
[Result "0-1"]
[WhiteElo "1912"]
[BlackElo "2003"]
[PlyCount "78"]
[EventDate "2008.09.??"]
[EventType "swiss"]
[EventRounds "9"]
[Source "Ganslmayer"]
[SourceDate "2010.03.14"]

1. d4 Nf6 2. c4 g6 3. Nc3 Bg7 4. e4 d6 5. h3 O-O 6. Be3 e5 7. dxe5 dxe5 8. Qc2
Nbd7 9. Nf3 c6 10. Be2 Qc7 11. O-O Re8 12. Nd2 Bf8 13. Rac1 a5 14. g4 Nc5 15.
f4 exf4 16. Rxf4 Bh6 17. Rf3 Bxe3+ 18. Rxe3 Qb6 19. Nd1 Nfxe4 20. Nxe4 Rxe4 21.
Rxe4 Nxe4+ 22. c5 Qb4 23. Nf2 Nxf2 24. Kxf2 Qf4+ 25. Kg2 Be6 26. Rf1 Qe5 27. a3
Rd8 28. Rd1 Bd5+ 29. Bf3 Bxf3+ 30. Kxf3 Rxd1 31. Qxd1 Qxc5 32. Qd8+ Kg7 33. Qc7
Qd5+ 34. Ke3 Qb3+ 35. Ke4 Qc2+ 36. Ke3 Qxb2 37. Qxa5 b6 38. Qa8 c5 39. a4 Qc3+
0-1

[Event "Seefeld-Casino op 19th"]
[Site "Seefeld/Tirol (5.9.-13.9)"]
[Date "2008.09.09"]
[Round "5.25"]
[White "Oettinger, Hagen"]
[Black "Schmidt, Juergen(52)"]
[Result "1/2-1/2"]
[WhiteElo "2018"]
[BlackElo "1921"]
[PlyCount "66"]
[EventDate "2008.09.??"]
[EventType "swiss"]
[EventRounds "9"]
[Source "Ganslmayer"]
[SourceDate "2010.03.14"]
[WhiteTeam "Böblingen-HP SC"]
[BlackTeam "Berlin-Kreuzberg SC"]

1. d4 d5 2. e4 dxe4 3. Nc3 Nf6 4. f3 exf3 5. Nxf3 g6 6. Bc4 Bg7 7. O-O O-O 8.
Bg5 Nbd7 9. Qe1 h6 10. Bh4 g5 11. Bg3 Nb6 12. Bb3 c6 13. Rd1 Bg4 14. Rd2 Bxf3
15. Rxf3 Nbd5 16. Nxd5 cxd5 17. c4 Ne4 18. Rd1 e6 19. cxd5 exd5 20. Rf5 Nxg3
21. Qxg3 Qb6 22. Rxd5 Rad8 23. Qf3 Rxd5 24. Qxd5 Qd8 25. Qxb7 Bxd4+ 26. Kh1 Qf6
27. Bc4 Qb6 28. Qd5 Bxb2 29. Rf1 Bf6 30. Qf5 Kg7 31. Bd3 Rh8 32. Be4 Qd6 33.
Qf3 Rf8 1/2-1/2

[Event "Seefeld-Casino op 19th"]
[Site "Seefeld/Tirol (5.9.-13.9)"]
[Date "2008.09.09"]
[Round "5.26"]
[White "Strasser, Josef(64)"]
[Black "Lins, Philipp"]
[Result "1-0"]
[WhiteElo "1936"]
[BlackElo "2008"]
[PlyCount "71"]
[EventDate "2008.09.??"]
[EventType "swiss"]
[EventRounds "9"]
[Source "Ganslmayer"]
[SourceDate "2010.03.14"]

1. d4 d6 2. c4 e5 3. d5 f5 4. Nc3 Nf6 5. Nf3 Be7 6. e3 O-O 7. Be2 a5 8. b3 Nbd7
9. Bb2 Nc5 10. a3 Nfe4 11. b4 Nxc3 12. Bxc3 Ne4 13. Qc2 axb4 14. axb4 Rxa1+ 15.
Bxa1 c5 16. dxc6 bxc6 17. O-O Ng5 18. Nxg5 Bxg5 19. Rd1 Qe7 20. Qd3 Rd8 21. e4
g6 22. c5 d5 23. exd5 Rxd5 24. Qb3 Qe6 25. Rxd5 cxd5 26. b5 Be7 27. c6 Bc5 28.
Qc3 Bd4 29. Qa3 Bxa1 30. Qxa1 d4 31. Qc1 Qd6 32. b6 Qb8 33. Qc5 Kf7 34. Bc4+
Kf6 35. Qf8+ Kg5 36. h4+ 1-0

[Event "Seefeld-Casino op 19th"]
[Site "Seefeld/Tirol (5.9.-13.9)"]
[Date "2008.09.09"]
[Round "5.27"]
[White "Becker, Wolfgang(11.58)"]
[Black "Winter, Bernd(41)"]
[Result "0-1"]
[WhiteElo "1778"]
[BlackElo "1948"]
[PlyCount "54"]
[EventDate "2008.09.??"]
[EventType "swiss"]
[EventRounds "9"]
[Source "Ganslmayer"]
[SourceDate "2010.03.14"]

1. e4 c5 2. Nc3 Nc6 3. f4 e6 4. Nf3 a6 5. a4 d6 6. Bc4 Be7 7. O-O Nf6 8. d3 O-O
9. e5 dxe5 10. Nxe5 Nxe5 11. fxe5 Qd4+ 12. Kh1 Qxe5 13. Bf4 Qh5 14. Qe1 Bd7 15.
Rf3 Bc6 16. Rg3 Ng4 17. Re3 Nxe3 18. Qxe3 Qg4 19. Ne4 b5 20. Ba2 Rad8 21. h3
Qg6 22. Rf1 Bxe4 23. dxe4 Rd4 24. Re1 Rfd8 25. Bb1 Rd1 26. e5 Qf5 27. g4 Rxe1+
0-1

[Event "Seefeld-Casino op 19th"]
[Site "Seefeld/Tirol (5.9.-13.9)"]
[Date "2008.09.09"]
[Round "5.28"]
[White "Schett, Franz"]
[Black "Voss, Ingo"]
[Result "0-1"]
[WhiteElo "1621"]
[BlackElo "2019"]
[PlyCount "82"]
[EventDate "2008.09.??"]
[EventType "swiss"]
[EventRounds "9"]
[Source "Ganslmayer"]
[SourceDate "2010.03.14"]

1. e4 c5 2. Nf3 e6 3. d4 cxd4 4. Nxd4 Bc5 5. Be3 Qb6 6. Nb5 Bxe3 7. Nd6+ Kf8 8.
fxe3 Qxe3+ 9. Be2 Nc6 10. Rf1 Nf6 11. Na3 Ke7 12. Nac4 Qc5 13. a4 Ne5 14. Nxe5
Qxe5 15. Nc4 Qxh2 16. e5 Qg3+ 17. Kd2 Qg5+ 18. Kc3 Nd5+ 19. Kb3 b6 20. Qd4 Ba6
21. Rxf7+ Kxf7 22. Nd6+ Ke7 23. Bxa6 Qe3+ 24. Qd3 Qxd3+ 25. Bxd3 Rhf8 26. Be4
Rf2 27. Bf3 Rf8 28. a5 bxa5 29. Rxa5 Rb8+ 30. Rb5 Rxb5+ 31. Nxb5 a6 32. Nd6 Ne3
33. Be4 h5 34. c4 h4 35. Ka3 Nxg2 36. Bxg2 Rxg2 37. b4 h3 38. b5 axb5 39. cxb5
h2 40. b6 h1=Q 41. Nc8+ Kd8 0-1

[Event "Seefeld-Casino op 19th"]
[Site "Seefeld/Tirol (5.9.-13.9)"]
[Date "2008.09.09"]
[Round "5.29"]
[White "Erhart, Uwe"]
[Black "Duric, Rajko"]
[Result "1-0"]
[WhiteElo "1954"]
[BlackElo "1694"]
[PlyCount "131"]
[EventDate "2008.09.??"]
[EventType "swiss"]
[EventRounds "9"]
[Source "Ganslmayer"]
[SourceDate "2010.03.14"]

1. e4 d6 2. d4 Nf6 3. Nc3 c6 4. f3 e6 5. Be3 Be7 6. Qd2 O-O 7. O-O-O Nbd7 8. g4
c5 9. d5 e5 10. h4 g6 11. h5 a6 12. Qh2 Kg7 13. hxg6 fxg6 14. Bh6+ Kf7 15. Bxf8
Nxf8 16. Nh3 b5 17. Ng5+ Ke8 18. Ne6 Bxe6 19. dxe6 Nxe6 20. Nd5 Nxd5 21. Rxd5
Bg5+ 22. Kb1 h6 23. Bg2 Qe7 24. Qg1 Rd8 25. Qf1 Qf6 26. a4 Nc7 27. Rd1 bxa4 28.
Qc4 Qe6 29. Qxa4+ Qd7 30. Qa3 Qb5 31. Bf1 Qb4 32. Qa2 Ke7 33. Bc4 Nb5 34. Rd3
Rb8 35. Rhd1 Nc3+ 36. Rxc3 Qxc3 37. Bg8 c4 38. Bxc4 Rxb2+ 39. Qxb2 Qxc4 40.
Qb7+ Ke6 41. Qb3 Qxb3+ 42. cxb3 a5 43. Kc2 Kd7 44. Kc3 Kc6 45. Kc4 Be3 46. Kd3
Bg5 47. Ra1 Kb5 48. Ra4 Bd8 49. Rc4 Bg5 50. Rc8 Kb4 51. Rb8+ Kc5 52. Rg8 Kb4
53. Kc2 a4 54. bxa4 Kxa4 55. Rxg6 Kb4 56. Rxd6 Bf4 57. Kd3 Kc5 58. Rd8 Bg5 59.
Rc8+ Kd6 60. Kc4 Bf4 61. Ra8 Ke6 62. Ra6+ Kf7 63. Kd5 Ke7 64. Re6+ Kf7 65. Rxe5
Kg6 66. Rf5 1-0

[Event "Seefeld-Casino op 19th"]
[Site "Seefeld/Tirol (5.9.-13.9)"]
[Date "2008.09.09"]
[Round "5.30"]
[White "Perkmann, Gottfried"]
[Black "Stock, Juergen(56)"]
[Result "0-1"]
[WhiteElo "1801"]
[BlackElo "1886"]
[PlyCount "70"]
[EventDate "2008.09.??"]
[EventType "swiss"]
[EventRounds "9"]
[Source "Ganslmayer"]
[SourceDate "2010.03.14"]

1. e4 e6 2. d4 d5 3. Nd2 Nf6 4. e5 Nfd7 5. Bd3 c5 6. c3 Nc6 7. Ne2 cxd4 8. cxd4
f6 9. exf6 Nxf6 10. Nf3 Bd6 11. Bf4 O-O 12. Bxd6 Qxd6 13. a3 e5 14. dxe5 Nxe5
15. Nxe5 Qxe5 16. O-O Ng4 17. Ng3 Bd7 18. Qd2 Rf6 19. h3 Nxf2 20. Rxf2 Qxg3 21.
Rxf6 gxf6 22. Rf1 Kg7 23. Rf3 Qh4 24. Bf5 Bc6 25. Rf4 Qh5 26. Rg4+ Kf7 27. Qf2
Re8 28. Rh4 Qd1+ 29. Kh2 h5 30. Bg4 hxg4 31. Rh7+ Kg6 32. Qh4 g3+ 33. Qxg3+
Kxh7 34. Qc7+ Kg6 35. Qg3+ Kf7 0-1

[Event "Seefeld-Casino op 19th"]
[Site "Seefeld/Tirol (5.9.-13.9)"]
[Date "2008.09.09"]
[Round "5.31"]
[White "Vonach, Bernhard Dr"]
[Black "Kliem, Klaus-Peter"]
[Result "1-0"]
[WhiteElo "1817"]
[BlackElo "1662"]
[PlyCount "83"]
[EventDate "2008.09.??"]
[EventType "swiss"]
[EventRounds "9"]
[Source "Ganslmayer"]
[SourceDate "2010.03.14"]
[WhiteTeam "Windach Sfr."]
[BlackTeam "Oeffingen Sfr."]

1. d4 Nf6 2. Nf3 d5 3. c4 e6 4. Bg5 Nbd7 5. e3 c6 6. Qc2 Qa5+ 7. Nfd2 dxc4 8.
Bxf6 Nxf6 9. Bxc4 Bd6 10. Nc3 O-O 11. O-O-O b5 12. Bd3 h6 13. Nce4 Be7 14.
Nxf6+ Bxf6 15. Kb1 c5 16. Nb3 Qb6 17. Qxc5 Rb8 18. Qxb6 Rxb6 19. Rc1 a6 20. Rc2
Bb7 21. Rg1 Rc6 22. Nc5 Ba8 23. Nd7 Rxc2 24. Nxf6+ gxf6 25. Kxc2 Rc8+ 26. Kd2
Bd5 27. b3 Bb7 28. f3 Kf8 29. Be4 Bxe4 30. fxe4 Ke7 31. Rf1 Rg8 32. g3 Rg5 33.
Rc1 Kd7 34. b4 h5 35. Rc5 h4 36. Rxg5 fxg5 37. gxh4 gxh4 38. Ke2 f5 39. exf5
exf5 40. Kf3 Ke6 41. Kf4 Kf6 42. h3 1-0

[Event "Seefeld-Casino op 19th"]
[Site "Seefeld/Tirol (5.9.-13.9)"]
[Date "2008.09.09"]
[Round "5.32"]
[White "Aab, Manfred"]
[Black "Ganslmayer, Herbert"]
[Result "1/2-1/2"]
[WhiteElo "1532"]
[BlackElo "1724"]
[PlyCount "68"]
[EventDate "2008.09.??"]
[EventType "swiss"]
[EventRounds "9"]
[Source "Ganslmayer"]
[SourceDate "2010.03.14"]

1. d4 c6 2. c4 g6 3. Nc3 Bg7 4. e4 Nf6 5. e5 Ng8 6. f4 d5 7. Nf3 Nh6 8. cxd5
cxd5 9. Bb5+ Bd7 10. Qa4 e6 11. O-O a6 12. Bxd7+ Qxd7 13. Bd2 b5 14. Qd1 O-O
15. Rc1 Nc6 16. a3 Rfc8 17. b4 Nf5 18. Ne2 Qa7 19. Kh1 Bf8 20. g4 Ng7 21. Qb3
Qb6 22. Rc2 Rc7 23. Rfc1 Rac8 24. Qb2 Be7 25. Ne1 Bh4 26. Nd3 h5 27. h3 Bd8 28.
Nc5 a5 29. bxa5 Nxa5 30. a4 Rb8 31. Rb1 Nc4 32. Qxb5 Rcb7 33. Qxb6 Rxb6 34.
Rxb6 Bxb6 1/2-1/2

[Event "Seefeld-Casino op 19th"]
[Site "Seefeld/Tirol (5.9.-13.9)"]
[Date "2008.09.09"]
[Round "5.33"]
[White "Handl, Hans"]
[Black "Michel, Jan"]
[Result "1-0"]
[WhiteElo "1759"]
[BlackElo "1481"]
[PlyCount "71"]
[EventDate "2008.09.??"]
[EventType "swiss"]
[EventRounds "9"]
[Source "Ganslmayer"]
[SourceDate "2010.03.14"]
[WhiteTeam "AUT/Hak-Innsbruck"]
[BlackTeam "NED/Zaandam"]
[WhiteTeamCountry "AUT"]
[BlackTeamCountry "NED"]

1. Nf3 Nc6 2. g3 d5 3. Bg2 e5 4. d3 h6 5. O-O Be7 6. Nbd2 Nf6 7. Re1 Bd7 8. e4
d4 9. Nc4 Bg4 10. Ncd2 Qd7 11. a3 a6 12. b4 b5 13. Bb2 O-O 14. Qc1 Bxf3 15.
Nxf3 Ne8 16. c3 dxc3 17. Qxc3 f6 18. Rac1 Na7 19. Nh4 Rc8 20. Nf5 Nd6 21. Ne3
c6 22. d4 exd4 23. Qxd4 Rcd8 24. Red1 Qc7 25. Qc3 Nb7 26. Nf5 Rxd1+ 27. Rxd1
Rd8 28. Qb3+ Kf8 29. Nd4 Ke8 30. Rc1 Rd6 31. Ne6 Qd7 32. Nxg7+ Kf8 33. Nf5 Rd3
34. Bc3 c5 35. Be1 c4 36. Qc2 1-0

[Event "Seefeld-Casino op 19th"]
[Site "Seefeld/Tirol (5.9.-13.9)"]
[Date "2008.09.09"]
[Round "5.34"]
[White "Dallmeier, Gerhard"]
[Black "Bangert, Ruediger"]
[Result "1-0"]
[WhiteElo "1693"]
[BlackElo "1461"]
[PlyCount "71"]
[EventDate "2008.09.??"]
[EventType "swiss"]
[EventRounds "9"]
[Source "Ganslmayer"]
[SourceDate "2010.03.14"]
[WhiteTeamCountry "AUT"]
[BlackTeamCountry "NED"]

1. e4 d6 2. d4 Nf6 3. Nc3 g6 4. f3 Bg7 5. Nge2 O-O 6. Be3 e5 7. Qd2 Nc6 8. h4
exd4 9. Nxd4 Ne5 10. Bh6 c5 11. Nb3 Nh5 12. Bxg7 Kxg7 13. O-O-O Nc4 14. Bxc4
Be6 15. Nd5 f5 16. Qc3+ Kg8 17. exf5 gxf5 18. g4 Ng3 19. gxf5 Rxf5 20. Rdg1
Bxd5 21. Rxg3+ Kf7 22. Qg7+ Ke8 23. Bb5+ Bc6 24. Re1+ Re5 25. Rxe5+ dxe5 26.
Bxc6+ bxc6 27. Qh8+ Kd7 28. Qxh7+ Kd6 29. Qh6+ Kc7 30. Nxc5 Kb6 31. Ne6 Qd5 32.
Qe3+ c5 33. Rg6 Qxa2 34. Qxc5+ Kb7 35. Qc7+ Ka6 36. Nd4+ 1-0

[Event "Seefeld-Casino op 19th"]
[Site "Seefeld/Tirol (5.9.-13.9)"]
[Date "2008.09.09"]
[Round "5.35"]
[White "Loew, Bernd"]
[Black "Rudolph, Joachim"]
[Result "1-0"]
[WhiteElo "1498"]
[BlackElo "1578"]
[PlyCount "117"]
[EventDate "2008.09.??"]
[EventType "swiss"]
[EventRounds "9"]
[Source "Ganslmayer"]
[SourceDate "2010.03.14"]
[WhiteTeamCountry "AUT"]
[BlackTeamCountry "NED"]

1. e4 e6 2. d4 d5 3. e5 c5 4. c3 Nc6 5. b3 Bd7 6. Nf3 cxd4 7. cxd4 Bb4+ 8. Bd2
Qa5 9. Be2 Bxd2+ 10. Qxd2 Nge7 11. Qxa5 Nxa5 12. Na3 O-O 13. Kd2 h6 14. Rhc1
Rfc8 15. h3 a6 16. Rc2 Rxc2+ 17. Nxc2 Rc8 18. Rc1 Kf8 19. Bd3 b5 20. Ng1 Ke8
21. Ne2 Kd8 22. f4 Ra8 23. g4 Ra7 24. Ng3 g6 25. Rf1 Ke8 26. f5 g5 27. Nh5 Kf8
28. fxe6 Bxe6 29. Bh7 Ng8 30. Bf5 Re7 31. Nb4 Ke8 32. Ng7+ Kd7 33. Bh7 f6 34.
exf6 Nxf6 35. Nxe6 Nxh7 36. Nc5+ Kd6 37. Rf5 Nc6 38. Rxd5+ Kc7 39. Nbxa6+ Kc8
40. Rd6 Nb8 41. Nxb8 Kxb8 42. Rb6+ Kc8 43. Rxb5 Nf6 44. Kd3 Nd5 45. Kd2 Nf4 46.
a4 Re2+ 47. Kd1 Rh2 48. a5 Nd5 49. Na4 Ne3+ 50. Kc1 Rc2+ 51. Kb1 Rd2 52. Nb6+
Kd8 53. a6 Rd1+ 54. Kb2 Rd2+ 55. Kc3 Ra2 56. Nc4 Nd1+ 57. Kb4 Ne3 58. a7 Nc2+
59. Kc3 1-0

[Event "Seefeld-Casino op 19th"]
[Site "Seefeld/Tirol (5.9.-13.9)"]
[Date "2008.09.09"]
[Round "5.36"]
[White "Bretscher, Robert"]
[Black "Breedveld-Schut, Carmen"]
[Result "1/2-1/2"]
[WhiteElo "1546"]
[BlackElo "1204"]
[PlyCount "77"]
[EventDate "2008.09.??"]
[EventType "swiss"]
[EventRounds "9"]
[Source "Ganslmayer"]
[SourceDate "2010.03.14"]
[WhiteTeamCountry "AUT"]
[BlackTeamCountry "NED"]

1. e4 c5 2. Nf3 Nc6 3. d4 d6 4. d5 Ne5 5. Nxe5 dxe5 6. Bb5+ Bd7 7. Qe2 Nf6 8.
O-O e6 9. dxe6 fxe6 10. Re1 Be7 11. Bxd7+ Nxd7 12. Qg4 Qb6 13. Qxg7 Rf8 14. b3
c4 15. Be3 Qb4 16. c3 Qb5 17. b4 Qa4 18. Qg4 O-O-O 19. Nd2 Qc6 20. Qe2 Kb8 21.
a4 Nf6 22. f3 Rg8 23. b5 Qc7 24. a5 Bc5 25. Reb1 b6 26. a6 Nh5 27. g3 Rg7 28.
Kh1 Rdg8 29. Rg1 Qd8 30. Bxc5 bxc5 31. Qxc4 Nxg3+ 32. Rxg3 Qxd2 33. Rxg7 Rxg7
34. Rg1 Rxg1+ 35. Kxg1 Qd1+ 36. Kg2 Qd2+ 37. Kh3 Qh6+ 38. Kg2 Qd2+ 39. Kh3
1/2-1/2